000 00933nac a22002777a 4500
001 BR7404019
003 BR-BrBNA
005 20240105113757.0
008 230509b bl.|||m| |||| 00| 0 por d
040 _aBR-BrBNA
_bpor
_cBiblioteca Nacional de Agricultura
072 _aE70
090 _a5213 BR7404019
110 1 _aConselho Nacional de Desenvolvimento da Pecuaria, Rio de Janeiro, GB (Brasil)
_92674
245 1 _aMercado atacadista de gado e carne. Analise da variacao dos precos [Brasil]
_bRetrospecto de 1972
260 3 _aRio de Janeiro, GB (Brasil):
_c1973.
300 _a80 p.
490 _aSerie de Estudos Economicos - Conselho Nacional de Desenvolvimento da Pecuaria (Brazil)
_v
_x
650 _aABASTECIMENTO
650 _aGADO
650 _aCARNE
650 _aMERCADO ATACADISTA
650 _aPRECO
650 _aESTATISTICA
909 _a202312
_bLúcia Elande
_c55
_dLúcia Elande
942 _2AGRIS
_n0
_cMS
999 _c265511
_d265511